|
|
|
|
| LEADER |
00000cam a2200000 a 4500 |
| 001 |
vtls001416667 |
| 003 |
SK-MaSNL |
| 005 |
20260301202341.0 |
| 008 |
210928s1966 xr f f 00100 cze |
| 035 |
|
|
|a SNK000371428
|
| 040 |
|
|
|a SNK
|b slo
|c SNK
|e AACR2
|
| 041 |
0 |
|
|a cze
|
| 044 |
|
|
|a xr
|c CZ
|
| 072 |
|
7 |
|a 674
|x Drevo. Drevársky priemysel
|2 konspekt
|
| 080 |
|
|
|a 621.79:674
|2 2011
|
| 080 |
|
|
|a (035)
|2 2011
|
| 245 |
0 |
0 |
|a Příručka lepení dřeva
|c zpracovali: Karel Eisner ... [et al.]
|
| 250 |
|
|
|a 2. přeprac. a rozš. vyd.
|
| 260 |
|
|
|a Praha
|b SNTL - Státní nakladatelství technické literatury
|c 1966
|
| 300 |
|
|
|a 287 s.
|c 20 cm
|
| 366 |
|
|
|e 2 000 výt.
|
| 500 |
|
|
|a Brožovaná
|
| 650 |
0 |
7 |
|a lepenie dreva
|2 SNKPH
|9 13712
|
| 650 |
0 |
7 |
|a Wood gluing
|2 SNKPHeng
|9 584240
|
| 655 |
|
7 |
|a príručky
|2 SNKPH
|9 74364
|
| 655 |
|
7 |
|a Handbooks, manuals, etc.
|2 SNKPHeng
|9 90964
|
| 700 |
1 |
|
|a Eisner, Karel,
|d 1908-1981
|4 com
|9 179842
|
| 852 |
|
|
|a Štátna vedecká knižnica v Banskej Bystrici
|
| 958 |
|
|
|a OND
|
| 999 |
|
|
|c 898511
|d 900441
|
| 952 |
|
|
|t P60, <04>, [BOOK], {604}
|a SNK
|b SNK
|y VYP
|7 0
|p 17A0306555
|o snkIC 40090
|0 0
|1 0
|4 0
|d 2001-07-11
|l 0
|r 2005-01-02 00:00:00
|w 2026-02-24
|